01430nam a2200289 a 4500001001300000003000900013005001700022008004100039020001800080040003200098041001300130082003400143100002900177240003200206245016200238260008400400300002000484490005300504500004600557504003900603546004900642655028000691700003400971700003501005730004601040830005401086000000398252IT-MiSPE20180505174628.0120104s2011 it 001 u ita d a9788870946406 aIT-MiSPEbitadipcIT-MiSPE1 aitahgrc a270.008-SCh.it GIU ap (23111)0 aIustinus,cs.,dsec. II.10aApologia.lGreco e italiano10aApologia per i cristiani /cGiustino ; introduzione, testo critico e note di Charles Munier ; traduzione italiana e aggiornamento di Maria Benedetta Artioli. aRoma :bEdizioni San Clemente ;aBologna :bEdizioni Studio Domenicano,c2011. a402 p. ;c20 cm1 aSources chrétiennes.aEdizione italiana ;v010 aTit. orig.: Apologie pour les chrétiens aBibliografia (p. 125-142) e indici aTraduzione italiana con testo greco a fronte 7aPatrologia grecaxPadri apologistixQuadratus, s., sec. III - Ariston Pellaeus, sec. II - Aristides Atheniensis, s., sec. II - Iustinus, s., ante 165 - Tatianus, sec. II - Athenagoras Atheniensis, s., sec. II - Theophilus Antiochenus, s., sec. II - Lettera a Diogneto.2local1 aMunier, Charles,d1922-,eed.1 aArtioli, Maria Benedetta,etr.00aApologie pour les chrétiens.lItaliano. 0aSources chrétiennes.pEdizione italiana ;v010.